000 00641nam a22002057a 4500
999 _c162823
_d162823
005 20190327154623.0
010 _aENG-124948
020 _a9788193732939
_c595.00
035 _aEN-108480
037 _bDBAD/PUB
082 _a401
100 _aChomsky, Noam
245 _aWhat kind of creatures are we?/
_cby Noam Chomsky; foreword by Akeel Bilgrami
260 _aNew Delhi (India)
_bTulika Books
_c2018
270 _a44, first floor, shahpur Jat,
_bNew Delhi (India)
_e110049
300 _a150p.
_c23cm.(Hb)
500 _aIt includes Notes and Index.
700 _a Bilgrami, Akeel
942 _2ddc
_cEN
_mCHO
_h401